000 01313nab a2200241 i 4500
001 768714001
003 CO-MdFUSB
005 20240503122724.0
008 211209s2008 us ||||| |||| 00| 0 eng d
022 _a1669-8649
040 _bspa
_aCO-MdFUSB
_cCO-MdFUSB
_dCO-MdFUSB
041 _aeng
100 _eautor
_aVan Engen, Charles,
245 _aBiblical perspectives on the role of immigrants in God's mission
_c/ Charles Van Engen
300 _aVolumen 3, número 2 (2008), páginas 15 - 38
_c; 20 cm
520 _aEste autor reúne textos de la Biblia para comprender mejor la perspectiva bíblica sobre el extranjero inmigrante, así como su parte en la misión de Dios. Afirma que cuando comenzamos a comprender completamente las perspectivas misionológicas e instrumentales de la Biblia con respecto al inmigrante y al extranjero, posiblemente obtengamos una mejor comprensión y vivamos más plenamente en la visión misionera expresada en 1 Pedro 2.
546 _aTexto en Inglés
650 7 _9931
_aMisioneros
650 7 _92117
_aEmigración e inmigración
773 0 _049416
_959775
_d Santiago de Chile
_oR1470
_tJournal of Latin American Theology :
_w(CO-MdFUSB)118
_x1669-8949
_gVolumen 3, número 2 (2008), páginas 15 - 38
_qpágina 15
942 _cANA
945 _aCathe - Practicante Sena
999 _c67053
_d67053